| 000 | 00621nam a2200253Ia 4500 | ||
|---|---|---|---|
| 003 | OSt | ||
| 005 | 20220912145745.0 | ||
| 006 | a|||||r|||| 00| 0 | ||
| 007 | ta | ||
| 008 | 220909b |||||||| |||| 00| 0 eng d | ||
| 024 | _a75134 | ||
| 037 | _cTextual | ||
| 040 |
_aCSL _beng _cCSL |
||
| 041 | _aeng | ||
| 082 | _aL91:4.2, D2 CL | ||
| 100 | _aBirch Edward | ||
| 245 | 0 | _aManagement and medical treatment of children in india | |
| 250 | _a4 | ||
| 260 | _c1902 | ||
| 300 |
_ap. _ccm. |
||
| 650 | _aMedicine | ||
| 942 |
_hL91:4.2, D2 CL _cTEXL _2CC |
||
| 999 |
_c37678 _d37678 |
||